Undertale - All songs without other Undertale motifs - Statistics

General Stats
  • This quiz has been taken 5 times
  • The average score is 5 of 11
Answer Stats
Answer % Correct
MEGALOVANIA
100%
Barrier
80%
Ooo
80%
Ghouliday
60%
Long Elevator
60%
Mysterious Place
40%
Unnecessary Tension
40%
Chill
20%
Danger Mystery
20%
Small Shock
20%
Wrong Enemy !?
20%
No matching quizzes found
Score Distribution
Percent of People with Each Score
Percentile by Number Answered
Your Score History
You have not taken this quiz